[Event "Olomouc Chess Summer 2025 - D2"]
[Site "Olomouc (CZE), Hotel Flora"]
[Date "2025.08.17"]
[Round "1"]
[Board "17"]
[White "Bartos, Alois"]
[Black "Hornak, Pavol"]
[Result "1-0"]
[WhiteElo "1974"]
[BlackElo "1759"]
[PlyCount "0"]
[EventDate "2025.08.17"]
[EventRounds "9"]
[EventCountry "CZE"]

1. e4 c5 2. Nf3 a6 3. c4 Nc6 4. Nc3 e6 5. d4 cxd4 6. Nxd4 Be7 7. Be2 Bf6 8. Be3 Qc7
9. O-O Nge7 10. Rc1 O-O 11. f4 Bxd4 12. Bxd4 Nxd4 13. Qxd4 Nc6 14. Qd2 Ne7 15. e5
b6 16. Rfd1 Rd8 17. Ne4 Ra7 18. Nd6 Bb7 19. b4 Ba8 20. Bd3 g6 21. Qf2 Nc8 22. Ne8
Rxe8 23. Qh4 Qc6 24. Bf1 Qa4 25. c5 Qxb4 26. Rc4 Qb2 27. Rd3 Bxg2 28. Bxg2 Qb1+ 29.
Bf1 Rc7 30. c6 dxc6 31. Rd8 Rce7 32. Rcd4 Qc1 33. Kg2 Qc2+ 34. Kf3 Qc5 35. Bxa6 Na7
36. R4d6 Qa3+ 37. Bd3 Nb5 38. Qxe7 Nd4+ 39. Ke4 Nf5 40. Qxe8+ Kg7 41. Qf8#  1-0

[Event "Olomouc Chess Summer 2025 - D2"]
[Site "Olomouc (CZE), Hotel Flora"]
[Date "2025.08.17"]
[Round "1"]
[Board "18"]
[White "Bohman, Leif"]
[Black "Bjornes, Leif"]
[Result "1/2-1/2"]
[WhiteElo "1749"]
[BlackElo "1963"]
[PlyCount "0"]
[EventDate "2025.08.17"]
[EventRounds "9"]
[EventCountry "CZE"]

1. d4 d5 2. Nf3 Nf6 3. Bf4 g6 4. e3 Bg7 5. h3 O-O 6. Nbd2 Nbd7 7. Bd3 b6 8. O-O Bb7
9. Re1 c5 10. c3 Re8 11. Ne5 Nxe5 12. Bxe5 Nd7 13. Bxg7 Kxg7 14. f4 f6 15. Bb5 a6
16. Bxd7 Qxd7 17. Nf3 Rac8 18. Qd2 h5 19. Qf2 Rg8 20. Kh2 Rh8 21. Qg3 Rcg8 22. Rf1
Kf8 23. Nh4 g5 24. fxg5 Ke8 25. g6 Bc8  1/2-1/2

[Event "Olomouc Chess Summer 2025 - D2"]
[Site "Olomouc (CZE), Hotel Flora"]
[Date "2025.08.17"]
[Round "1"]
[Board "19"]
[White "Galt, Valeri"]
[Black "Reichmann, Pavel"]
[Result "1-0"]
[WhiteElo "1962"]
[BlackElo "1745"]
[PlyCount "0"]
[EventDate "2025.08.17"]
[EventRounds "9"]
[EventCountry "CZE"]

1. e4 c6 2. d4 d5 3. e5 Bf5 4. h4 h6 5. g4 Bd7 6. Nc3 e6 7. Be3 Be7 8. Nf3 Qc7 9.
Be2 Na6 10. O-O b5 11. a4 b4 12. Bxa6 bxc3 13. bxc3 Qa5 14. Be2 Rb8 15. Qd2 Qb6 16.
c4  1-0

[Event "Olomouc Chess Summer 2025 - D2"]
[Site "Olomouc (CZE), Hotel Flora"]
[Date "2025.08.17"]
[Round "1"]
[Board "20"]
[White "Macoun, Jiri"]
[Black "Marek, Jiri"]
[Result "1-0"]
[WhiteElo "1744"]
[BlackElo "1961"]
[PlyCount "0"]
[EventDate "2025.08.17"]
[EventRounds "9"]
[EventCountry "CZE"]

1. e4 c6 2. Nc3 d5 3. exd5 cxd5 4. d4 Nc6 5. h3 g6 6. Nf3 Bg7 7. Be3 Nf6 8. Bb5 O-O
9. O-O Bf5 10. a3 Rc8 11. Rc1 a6 12. Ba4 b5 13. Bb3 Na5 14. Ba2 Nc4 15. Bxc4 Rxc4
16. Re1 Re8 17. Qd2 Qb6 18. Ne5 Rcc8 19. Bg5 Qb7 20. Qe3 a5 21. Re2 b4 22. axb4 axb4
23. Nd1 b3 24. Qxb3 Qxb3 25. cxb3 Be6 26. f3 Rb8 27. Rc3 h6 28. Bh4 Rb4 29. Bf2 Reb8
30. Nc6 Rxb3 31. Nxb8 Rxb8 32. Rc7 Bf8 33. Rec2 Rb3 34. R2c3 Rb4 35. b3 Rb5 36. R7c5
Rb7 37. Rc7 Rb4 38. Nb2 Ne8 39. Ra7 Nd6 40. Nd3 Rb8 41. Bg3 Rd8 42. Bxd6 exd6 43.
Rb7 Ra8 44. Nf4 Bc8 45. Rbc7 Ra1+ 46. Kh2 Ba6 47. Nxd5 Bf1 48. Rc1 Ra5 49. Nf6+  1-0

[Event "Olomouc Chess Summer 2025 - D2"]
[Site "Olomouc (CZE), Hotel Flora"]
[Date "2025.08.18"]
[Round "2"]
[Board "1"]
[White "Kolesar, Milan"]
[Black "Musil, Vitezslav"]
[Result "1/2-1/2"]
[WhiteElo "2093"]
[BlackElo "1910"]
[PlyCount "0"]
[EventDate "2025.08.17"]
[EventRounds "9"]
[EventCountry "CZE"]

1. Nf3 Nf6 2. c4 g6 3. g3 Bg7 4. Bg2 d6 5. d4 Nbd7 6. Nc3 c6 7. O-O O-O 8. e4 e5
9. b3 Re8 10. h3 exd4 11. Nxd4 Nc5 12. Re1 a5 13. Bf4 Nh5 14. Be3 Be6 15. g4 Nf6
16. Qc2 h5 17. g5 Nh7 18. f4 Bd7 19. Rad1 Qc8 20. h4 Bg4 21. Nf3 Bxf3 22. Bxf3 Qh3
23. Rf1 Qg3+ 24. Kh1 Qh3+ 25. Kg1 Qg3+  1/2-1/2

[Event "Olomouc Chess Summer 2025 - D2"]
[Site "Olomouc (CZE), Hotel Flora"]
[Date "2025.08.18"]
[Round "2"]
[Board "2"]
[White "Hruska, Vladimir"]
[Black "Babula, Milan"]
[Result "0-1"]
[WhiteElo "1901"]
[BlackElo "2086"]
[PlyCount "0"]
[EventDate "2025.08.17"]
[EventRounds "9"]
[EventCountry "CZE"]

1. e4 d6 2. d4 g6 3. Be3 Bg7 4. Nc3 Nf6 5. Qd2 Ng4 6. Bg5 h6 7. Bh4 c6 8. h3 Nf6
9. f4 b5 10. e5 dxe5 11. dxe5 Qxd2+ 12. Kxd2 Nh7 13. Nf3 b4 14. Ne4 Bf5 15. Bd3 Nd7
16. Rae1 Be6 17. Bf2 a5 18. Nc5 Nxc5 19. Bxc5 Kd7 20. b3 Rhc8 21. Rhf1 Nf8 22. Be4
Bd5 23. Bg1 Ne6 24. Nd4 Nc5 25. Bxd5 cxd5 26. Ne2 Ne4+ 27. Kd3 a4 28. Bd4 e6 29.
c3 axb3 30. axb3 Ra3 31. Rb1 Bf8 32. Rfc1 bxc3 33. Nxc3 Nxc3 34. Rxc3 Rb8 35. Kc2
Bb4 36. Bc5 Ra2+ 37. Bd4 Ra3 38. Rd3 Rc8+ 39. Kb2 Ra6 40. Rc1 Ra2+  0-1

[Event "Olomouc Chess Summer 2025 - D2"]
[Site "Olomouc (CZE), Hotel Flora"]
[Date "2025.08.18"]
[Round "2"]
[Board "3"]
[White "fainberg, Boris"]
[Black "Svub, Jan"]
[Result "1/2-1/2"]
[WhiteElo "2083"]
[BlackElo "1894"]
[PlyCount "0"]
[EventDate "2025.08.17"]
[EventRounds "9"]
[EventCountry "CZE"]

1. d4 Nf6 2. c4 e6 3. Nc3 Bb4 4. Nf3 O-O 5. Bg5 h6 6. Bh4 c5 7. Rc1 b6 8. e3 Bb7
9. Be2 d6 10. O-O Bxc3 11. Rxc3 Qe7 12. Nd2 Nc6 13. Bxf6 Qxf6 14. Bf3 Qe7 15. Nb1
Rfd8 16. Rc1 cxd4 17. exd4 e5 18. Bxc6 Bxc6 19. Nc3 Qg5 20. Nd5 Rac8 21. Rc3 Bxd5
22. cxd5  1/2-1/2

[Event "Olomouc Chess Summer 2025 - D2"]
[Site "Olomouc (CZE), Hotel Flora"]
[Date "2025.08.18"]
[Round "2"]
[Board "4"]
[White "Kulhavy, Frantisek"]
[Black "Kubicek, Antonin"]
[Result "1/2-1/2"]
[WhiteElo "1886"]
[BlackElo "2074"]
[PlyCount "0"]
[EventDate "2025.08.17"]
[EventRounds "9"]
[EventCountry "CZE"]

1. e4 e6 2. d4 d5 3. exd5 exd5 4. Nf3 Bd6 5. Nc3 c6 6. Bd3 Ne7 7. O-O Bg4 8. Re1
Qc7 9. h3 Bh5 10. Qe2 Nd7 11. Bf4 Rc8 12. Bxd6 Qxd6 13. Qe3 Nf8 14. Ne5 Bg6 15. Qf3
Qf6 16. Nxg6  1/2-1/2

[Event "Olomouc Chess Summer 2025 - D2"]
[Site "Olomouc (CZE), Hotel Flora"]
[Date "2025.08.18"]
[Round "2"]
[Board "5"]
[White "Margovsky, Naum"]
[Black "Schmid, Thomas"]
[Result "0-1"]
[WhiteElo "1886"]
[BlackElo "2038"]
[PlyCount "0"]
[EventDate "2025.08.17"]
[EventRounds "9"]
[EventCountry "CZE"]

1. d4 Nf6 2. c4 g6 3. Nc3 Bg7 4. e4 d6 5. f3 O-O 6. Be3 Nc6 7. Qd2 a6 8. g4 e5 9.
Nge2 h5 10. h3 Na5 11. b3 exd4 12. Nxd4 c5 13. Nde2 b5 14. cxb5 axb5 15. O-O-O b4
16. Na4 Be6 17. Qxd6 Qxd6 18. Rxd6 Bxb3 19. Nb6 Bxa2 20. Nxa8 Rxa8 21. Bg5 Ne8 22.
Rd8 Rxd8 23. Bxd8 b3 24. Nc3 Bxc3 25. Bd3 Nc6 26. Bb6 Nb4 27. Kd1 Nxd3 28. Ke2 Nf4+
29. Ke3 Ne6 30. Kd3 Bd4 31. Ba5 b2 32. Kc2 b1=Q+  0-1

[Event "Olomouc Chess Summer 2025 - D2"]
[Site "Olomouc (CZE), Hotel Flora"]
[Date "2025.08.18"]
[Round "2"]
[Board "6"]
[White "Jenssen, Ove S"]
[Black "Pospisil, Evzen"]
[Result "1/2-1/2"]
[WhiteElo "1880"]
[BlackElo "2020"]
[PlyCount "0"]
[EventDate "2025.08.17"]
[EventRounds "9"]
[EventCountry "CZE"]

1. e4 c5 2. c3 d5 3. exd5 Qxd5 4. d4 Nc6 5. Nf3 Bf5 6. Be2 cxd4 7. cxd4 Bxb1 8. Rxb1
e6 9. a3 Nf6 10. O-O Be7 11. Be3 O-O 12. h3 Rfd8 13. b4 Rac8 14. Qa4 Nd7 15. Rfc1
Nb6 16. Qd1 Bf6 17. Rc5 Qd6 18. Rbc1 Nd5 19. b5 Nce7 20. Rxc8 Rxc8 21. Rxc8+ Nxc8
22. a4 Nc3 23. Qc2 Nxe2+ 24. Qxe2 h6 25. Qc2 Qd8 26. Bf4 Ne7 27. Be5 Qc8 28. Qc5
b6 29. Qxc8+ Nxc8 30. Bb8 Be7  1/2-1/2

[Event "Olomouc Chess Summer 2025 - D2"]
[Site "Olomouc (CZE), Hotel Flora"]
[Date "2025.08.18"]
[Round "2"]
[Board "7"]
[White "Mlynek, Petr"]
[Black "Lepik, Jaroslav"]
[Result "1/2-1/2"]
[WhiteElo "2007"]
[BlackElo "1876"]
[PlyCount "0"]
[EventDate "2025.08.17"]
[EventRounds "9"]
[EventCountry "CZE"]

1. d4 Nf6 2. c4 e6 3. g3 Be7 4. Bg2 d5 5. Nf3 O-O 6. O-O b6 7. cxd5 exd5 8. Nc3 Bb7
9. Bf4 Nbd7 10. Rc1 a6 11. Ne5 Rc8 12. Qb3 c6 13. Rfd1 b5 14. e4 Nb6 15. exd5 Nbxd5
16. Nxd5 Nxd5 17. Be3 Bf6 18. Nd3 a5 19. a4 b4 20. Nc5 Ba8 21. Ne4 Be7 22. Rc2 Kh8
23. Rdc1 f5 24. Nc5 Qd6 25. Nd3 Bb7 26. Bf4 Nxf4 27. Nxf4 Bf6 28. Rd1 Rfe8 29. d5
cxd5 30. Rxc8 Rxc8 31. Bxd5 Qb6  1/2-1/2

[Event "Olomouc Chess Summer 2025 - D2"]
[Site "Olomouc (CZE), Hotel Flora"]
[Date "2025.08.18"]
[Round "2"]
[Board "8"]
[White "Kruska, Vladimir"]
[Black "Lorenc, Oldrich"]
[Result "1/2-1/2"]
[WhiteElo "1864"]
[BlackElo "2005"]
[PlyCount "0"]
[EventDate "2025.08.17"]
[EventRounds "9"]
[EventCountry "CZE"]

1. Nf3 c5 2. c4 g6 3. g3 Bg7 4. Bg2 Nc6 5. Nc3 d6 6. O-O Be6 7. d3 Qc8 8. Nd5 Nf6
9. Ng5 Bd7 10. Rb1 h6 11. Nxf6+ Bxf6 12. Ne4 Bg7 13. Bd2 Bh3 14. Bc3 O-O 15. Bxg7
Kxg7 16. e3 Bxg2 17. Kxg2 f5 18. Nc3 Ne5 19. f4 Qc6+ 20. Kg1 Ng4 21. Qf3 a5 22. e4
e6 23. Rbe1  1/2-1/2

[Event "Olomouc Chess Summer 2025 - D2"]
[Site "Olomouc (CZE), Hotel Flora"]
[Date "2025.08.18"]
[Round "2"]
[Board "9"]
[White "Andersen, Per O"]
[Black "Fiser, Jiri"]
[Result "1-0"]
[WhiteElo "1999"]
[BlackElo "1860"]
[PlyCount "0"]
[EventDate "2025.08.17"]
[EventRounds "9"]
[EventCountry "CZE"]

1. Nf3 Nf6 2. c4 c5 3. e3 g6 4. d4 Bg7 5. Nc3 O-O 6. Be2 b6 7. d5 d6 8. e4 Bg4 9.
h3 Bxf3 10. Bxf3 a6 11. O-O Nbd7 12. Be2 Qc7 13. Bf4 h6 14. Qd2 Kh7 15. Rad1 Rad8
16. Bh2 g5 17. f4 gxf4 18. Bxf4 Ne5 19. Bxe5 dxe5 20. Qe3 Ne8 21. Kh1 Nd6 22. b3
Bf6 23. Bg4 Rg8 24. Bf5+ Nxf5 25. Rxf5 Rg5 26. Rxg5 Bxg5 27. Qf3 Bf6 28. Ne2 Rg8
29. Ng3 Rg6 30. Nf5 Qd7 31. Ne3 Kg8 32. Qf5 Qxf5 33. Nxf5 Kf8 34. d6 exd6 35. Rxd6
Bg5 36. g4 Rxd6 37. Nxd6 Bd8 38. Kg2 Kg7 39. Kf3 Kg6 40. Kg3 f6 41. Nf5 Bc7 42. h4
Bd8 43. h5+ Kh7 44. Kf3 Bc7 45. Ke2 Bd8 46. Kd3 Bc7 47. Kc3 Bd8 48. b4 Bc7 49. Kb3
Bd8 50. Ka4 Bc7 51. Ne3 Kg7 52. Nf5+ Kh7 53. Kb3 Bd8 54. a3 Bc7 55. Kc3 Bd8 56. Kd3
Bc7 57. Ne3 Kg7 58. Nd5 Bd8 59. Nc3 Kf7 60. Na4 Be7 61. Nxb6 cxb4 62. axb4 Bxb4 63.
Nd5 Bc5 64. Kc2 Ke6 65. Kb3 Be7 66. Nc7+ Kd7 67. Nxa6 Kc6 68. Kc3 Bd8 69. Nb4+ Kc5
70. Nd3+ Kc6 71. Nc1 Ba5+ 72. Kd3 Bb4 73. Ne2 Bf8 74. Ng3 Kc5 75. Nf5 Kb4 76. Ne3
Kc5 77. Nd5 Bg7 78. Kc3 Bh8 79. Nc7 Kd6 80. Na6 Bg7 81. c5+ Kc6 82. Kc4  1-0

[Event "Olomouc Chess Summer 2025 - D2"]
[Site "Olomouc (CZE), Hotel Flora"]
[Date "2025.08.18"]
[Round "2"]
[Board "10"]
[White "Kubala, Karel"]
[Black "Ortoft, Kai"]
[Result "1/2-1/2"]
[WhiteElo "1855"]
[BlackElo "1992"]
[PlyCount "0"]
[EventDate "2025.08.17"]
[EventRounds "9"]
[EventCountry "CZE"]

1. c4 e5 2. g3 Nf6 3. Nc3 d5 4. cxd5 Nxd5 5. Bg2 Nb6 6. Nf3 Nc6 7. d3 Be7 8. O-O
O-O 9. Be3 Be6 10. Ne4 Nd5 11. Bc5 f6 12. a3 b6 13. Bxe7 Ndxe7 14. Rc1 Qd7 15. b4
 1/2-1/2

[Event "Olomouc Chess Summer 2025 - D2"]
[Site "Olomouc (CZE), Hotel Flora"]
[Date "2025.08.18"]
[Round "2"]
[Board "11"]
[White "Spanton, Tim R"]
[Black "Pesek, Petr"]
[Result "1/2-1/2"]
[WhiteElo "1982"]
[BlackElo "1853"]
[PlyCount "0"]
[EventDate "2025.08.17"]
[EventRounds "9"]
[EventCountry "CZE"]

1. Nc3 e6 2. d4 Nf6 3. e4 d5 4. Bg5 Be7 5. e5 Nfd7 6. h4 c5 7. Nb5 Nc6 8. Nd6+ Kf8
9. c3 cxd4 10. Bxe7+ Kxe7 11. f4 Qa5 12. b4 Qa3  1/2-1/2

[Event "Olomouc Chess Summer 2025 - D2"]
[Site "Olomouc (CZE), Hotel Flora"]
[Date "2025.08.18"]
[Round "2"]
[Board "12"]
[White "Franc, Lubor"]
[Black "Petras, Milan"]
[Result "0-1"]
[WhiteElo "1849"]
[BlackElo "1977"]
[PlyCount "0"]
[EventDate "2025.08.17"]
[EventRounds "9"]
[EventCountry "CZE"]

1. e4 e6 2. d4 d5 3. e5 c5 4. c3 Qb6 5. Nf3 Bd7 6. Be2 cxd4 7. cxd4 Bb5 8. Qb3 Bxe2
9. Qxb6 axb6 10. Kxe2 Nc6 11. Nc3 h5 12. h4 Kd7 13. Be3 Nh6 14. Bxh6 Rxh6 15. a3
Be7 16. g3 Rhh8 17. Rac1 Rhc8 18. Rhd1 Ra6 19. Ke3 Na5 20. Nd2 Nc4+ 21. Nxc4 Rxc4
22. f4 g6 23. Kd3 Ra8 24. Nb5 Rac8 25. Kd2 f6 26. Na7 Rxc1 27. Rxc1 Rxc1 28. Kxc1
fxe5 29. fxe5 g5 30. Kd2 gxh4 31. gxh4 Bxh4 32. Ke2 Bg5 33. b3 Bc1 34. Nb5 Ke7 35.
a4 Kd7 36. Kf3 Bg5 37. Nd6 Kc6 38. Nb5 Be7 39. Kf4 Kd7 40. Kg3 Ke8 41. Kf4 Kf7 42.
Kf3 Bb4 43. Kf4 Kg6 44. Kf3 Kf5 45. Nc7 Be7 46. Nb5 Bf8 47. Nc7 h4 48. Nb5 h3 49.
Kg3 Bb4 50. Kxh3 Ke4 51. Kg4 Bd2 52. Kh5 Be3 53. Kg6 Bxd4 54. Nxd4 Kxd4 55. Kf6 Kc3
56. Kxe6 d4 57. Kf7 d3 58. e6 d2 59. e7 d1=Q 60. e8=Q Qh5+  0-1

[Event "Olomouc Chess Summer 2025 - D2"]
[Site "Olomouc (CZE), Hotel Flora"]
[Date "2025.08.18"]
[Round "2"]
[Board "13"]
[White "Malinovsky, Petr"]
[Black "Kalveus, Jan"]
[Result "1-0"]
[WhiteElo "1977"]
[BlackElo "1815"]
[PlyCount "0"]
[EventDate "2025.08.17"]
[EventRounds "9"]
[EventCountry "CZE"]

1. d4 Nf6 2. c4 e6 3. Nc3 Bb4 4. e3 b6 5. Bd3 Bb7 6. f3 c5 7. Nge2 d5 8. cxd5 exd5
9. O-O O-O 10. a3 Bxc3 11. bxc3 Re8 12. Ng3 Ba6 13. dxc5 Bxd3 14. Qxd3 bxc5 15. c4
d4 16. exd4 Qxd4+ 17. Qxd4 cxd4 18. Bg5 Nfd7 19. Rad1 Nc6 20. Nf5 Nc5 21. Nxd4 Nxd4
22. Rxd4 Ne6 23. Rd5 Nxg5 24. Rxg5 Rac8 25. Rc1 Rc6 26. Kf2 Rec8 27. c5 Rd8 28. Re5
Kf8 29. Ke3 f6 30. Re4 Kf7 31. Rd4 Re8+ 32. Kd3 Re7 33. Rc2 Rec7 34. Rd5 Ra6 35.
Rc3 Ke6 36. Rd4 Rac6 37. Ra4 Kd5 38. Ra5 h5 39. h4 g5 40. Rc4 Re7 41. Rd4+ Ke6 42.
Re4+ Kf7 43. Rxe7+ Kxe7 44. Rxa7+ Ke6 45. hxg5 Rxc5 46. Ra6+ Kf7 47. Rxf6+ Kg7 48.
f4 Ra5 49. Ke2 Rxa3 50. Kf2 Ra1 51. Rh6 Rh1 52. g3  1-0

[Event "Olomouc Chess Summer 2025 - D2"]
[Site "Olomouc (CZE), Hotel Flora"]
[Date "2025.08.18"]
[Round "2"]
[Board "14"]
[White "Med, Ladislav"]
[Black "Bartos, Alois"]
[Result "1-0"]
[WhiteElo "1846"]
[BlackElo "1974"]
[PlyCount "0"]
[EventDate "2025.08.17"]
[EventRounds "9"]
[EventCountry "CZE"]

1. b4 Nf6 2. Bb2 d5 3. b5 c5 4. e3 Bf5 5. Nf3 Nbd7 6. c4 dxc4 7. Bxc4 Nb6 8. Be2
Rc8 9. Nc3 e6 10. O-O c4 11. a4 Bb4 12. a5 Nbd7 13. a6 b6 14. Nd4 Bd3 15. Nc6 Qc7
16. Nxb4 Ne5 17. f4 Bxe2 18. Nxe2 Nd3 19. Nxd3 cxd3 20. Nd4 O-O 21. Rc1 Qd7 22. Qb3
Rc5 23. Ba3 Ne4 24. Qxd3 Qd5 25. Qe2 Rxc1 26. Rxc1 Re8 27. d3 Nf6 28. Bb2 h6 29.
e4 Qd7 30. Nc6 Kh7 31. Bxf6 gxf6 32. d4 f5 33. exf5 exf5 34. Qd3 Re4 35. g3 h5 36.
Kf1 h4 37. Re1 Rxe1+ 38. Kxe1 hxg3 39. hxg3 Qd5 40. Kf2 Kg7 41. Qe2 Qh1 42. Qe5+
Kf8 43. Qxf5 Qh2+ 44. Kf3 Qh1+ 45. Kg4 Qd1+ 46. Kg5 Qf3 47. Kf6 Kg8 48. Ne7+ Kh8
49. Qc8+  1-0

[Event "Olomouc Chess Summer 2025 - D2"]
[Site "Olomouc (CZE), Hotel Flora"]
[Date "2025.08.18"]
[Round "2"]
[Board "15"]
[White "Tejkal, Jiri"]
[Black "Galt, Valeri"]
[Result "1/2-1/2"]
[WhiteElo "1845"]
[BlackElo "1962"]
[PlyCount "0"]
[EventDate "2025.08.17"]
[EventRounds "9"]
[EventCountry "CZE"]

1. d4 Nf6 2. Nf3 g6 3. c4 c6 4. Nc3 Bg7 5. g3 d6 6. Bg2 Qc7 7. e4 O-O 8. O-O e5 9.
h3 Nbd7 10. Be3 exd4 11. Nxd4 Re8 12. Qd2 Nc5 13. f3 Bd7 14. Rad1 Rad8 15. Nde2 Be6
16. b3 b6 17. Qc1 a5 18. g4 Bc8 19. Bf4 Re7 20. Rfe1 Ne6 21. Bg3 h6 22. Qa3 Ne8 23.
f4 Kh7 24. Qc1 Nc5 25. Qc2 Bf6  1/2-1/2

[Event "Olomouc Chess Summer 2025 - D2"]
[Site "Olomouc (CZE), Hotel Flora"]
[Date "2025.08.18"]
[Round "2"]
[Board "16"]
[White "Titera, Libor"]
[Black "Green, Per"]
[Result "1/2-1/2"]
[WhiteElo "1843"]
[BlackElo "1961"]
[PlyCount "0"]
[EventDate "2025.08.17"]
[EventRounds "9"]
[EventCountry "CZE"]

1. Nf3 Nf6 2. c4 c5 3. Nc3 Nc6 4. e4 e6 5. d4 cxd4 6. Nxd4 Bb4 7. Nxc6 bxc6 8. Bd3
e5 9. Qc2 O-O 10. Bg5 h6 11. Bh4 d6 12. O-O g5 13. Bg3 Nh5 14. Rad1 Qe7 15. Qe2 Nxg3
16. fxg3 Kg7 17. g4 Be6 18. Qf3 Bxc3 19. bxc3 Rab8 20. Rf2 Rb6 21. Rdf1 Rfb8 22.
c5 dxc5 23. Qe3 c4 24. Be2 Rb1 25. Qg3 f6 26. h4 R8b2 27. h5 Rxf1+ 28. Bxf1 Rxf2
29. Qxf2 Bxg4 30. Be2 Be6 31. Kh2 Qa3 32. Bf1 Qa5 33. Qb2 Qb6 34. Qa3 c5 35. Qa4
Qc7 36. Bxc4 Bxc4 37. Qxc4 Qf7 38. Qxc5 Qxh5+ 39. Kg1 Qd1+ 40. Kh2 Qh5+ 41. Kg1  1/2-1/2

[Event "Olomouc Chess Summer 2025 - D2"]
[Site "Olomouc (CZE), Hotel Flora"]
[Date "2025.08.18"]
[Round "2"]
[Board "17"]
[White "Keprt, Pavel"]
[Black "Macoun, Jiri"]
[Result "1-0"]
[WhiteElo "1960"]
[BlackElo "1744"]
[PlyCount "0"]
[EventDate "2025.08.17"]
[EventRounds "9"]
[EventCountry "CZE"]

1. e4 e5 2. Bc4 d6 3. d3 h6 4. Ne2 Nc6 5. a4 a6 6. O-O Nf6 7. Nbc3 Be7 8. f4 Be6
9. Nd5 Bxd5 10. exd5 Nb8 11. Ng3 c6 12. dxc6 Nxc6 13. Nf5 g6 14. Nxe7 Qxe7 15. c3
h5 16. Qf3 Nd7 17. Bd2 O-O-O 18. Bxa6 e4 19. Bxb7+ Kxb7 20. dxe4 Nc5 21. Rfe1 Rhe8
22. e5 Nb3 23. Rad1 Nxd2 24. Rxd2 dxe5 25. Rxd8 Qxd8 26. b4 Kc7 27. b5 Nb8 28. fxe5
Re7 29. a5 Qd2 30. Rd1 Qa2 31. Qe3 Qxa5 32. Qc5+ Kb7 33. Qxe7+ Ka8 34. Qc5 Qa4 35.
Qd5+ Ka7 36. Qxf7+ Kb6 37. Rd6+ Nc6 38. Rxc6+  1-0

[Event "Olomouc Chess Summer 2025 - D2"]
[Site "Olomouc (CZE), Hotel Flora"]
[Date "2025.08.18"]
[Round "2"]
[Board "18"]
[White "Meizlin, Yaacov"]
[Black "Horyna, Josef"]
[Result "1/2-1/2"]
[WhiteElo "1925"]
[BlackElo "1717"]
[PlyCount "0"]
[EventDate "2025.08.17"]
[EventRounds "9"]
[EventCountry "CZE"]

1. e4 e6 2. d3 d5 3. c3 dxe4 4. dxe4 Qxd1+ 5. Kxd1 Bc5 6. f3 Nf6 7. Bf4 c6 8. Nd2
O-O 9. Kc2 Nbd7 10. Ne2 e5 11. Bg5 h6 12. Bxf6 Nxf6 13. g4 Be6 14. Ng3 b5 15. Nf5
a5 16. Nb3 Bxb3+ 17. axb3 Rfd8 18. Be2 g6 19. Nxh6+ Kg7 20. g5 Nh5 21. Ng4 Nf4 22.
Rhe1 Rh8 23. b4 axb4 24. Rxa8 Rxa8 25. Nxe5 bxc3 26. Nxc6 cxb2 27. Bxb5 Ne6 28. Kxb2
Nxg5 29. f4 Nf3 30. Re2 Nd4 31. Nxd4 Bxd4+ 32. Kb3 Rc8 33. Bc4 Rb8+  1/2-1/2

[Event "Olomouc Chess Summer 2025 - D2"]
[Site "Olomouc (CZE), Hotel Flora"]
[Date "2025.08.18"]
[Round "2"]
[Board "19"]
[White "Glacner, Karel"]
[Black "Balishansky, Alexander"]
[Result "0-1"]
[WhiteElo "1621"]
[BlackElo "1918"]
[PlyCount "0"]
[EventDate "2025.08.17"]
[EventRounds "9"]
[EventCountry "CZE"]

1. e4 Nf6 2. e5 Nd5 3. d4 d6 4. Qf3 c6 5. Bd2 Qb6 6. Bc3 e6 7. a4 Nxc3 8. Qxc3 dxe5
9. a5 Qxd4 10. Qxd4 exd4 11. Nf3 c5 12. Na3 f6 13. Nb5 Na6 14. Bd3 Bd7 15. O-O Bc6
16. Nd2 Kd7 17. Rfe1 Nb4 18. Na3 Bd6 19. Bc4 Rhe8 20. Re2 Nd5 21. g3 h6 22. Rae1
Rab8 23. Nb5 Bf8 24. Nxa7 Ra8 25. Nxc6 bxc6 26. a6 e5 27. Ra1 Reb8 28. Ra2 Nb4 29.
Ra5 Nxc2 30. Nb3 Nb4 31. f4 exf4 32. Nxc5+ Bxc5 33. Rxc5 fxg3 34. Ra5 gxh2+ 35. Kxh2
Rb6 36. Ra4 c5 37. a7 Rb7 38. Ra5 Rc7 39. Bb5+ Kd6 40. Re8 Raxa7 41. Rd8+ Ke5 42.
Re8+ Kf4 43. Ra3 Rxa3 44. bxa3 Nd5 45. Bd3 Ne7 46. Bc4 Nc6 47. Re1 Ne5 48. Rf1+ Ke3
49. a4  0-1

[Event "Olomouc Chess Summer 2025 - D2"]
[Site "Olomouc (CZE), Hotel Flora"]
[Date "2025.08.18"]
[Round "2"]
[Board "20"]
[White "Stross, Frantisek"]
[Black "Vlacil, Vladimir"]
[Result "0-1"]
[WhiteElo "1569"]
[BlackElo "1914"]
[PlyCount "0"]
[EventDate "2025.08.17"]
[EventRounds "9"]
[EventCountry "CZE"]

1. e4 c5 2. Bc4 d6 3. h3 e6 4. Nc3 a6 5. a4 Nf6 6. d3 Be7 7. Nf3 O-O 8. O-O Nc6 9.
Be3 d5 10. e5 Nd7 11. Nxd5 exd5 12. Bxd5 Ndxe5 13. Bb3 Nxf3+ 14. Qxf3 Nd4 15. Bxd4
Qxd4 16. c3 Qf6 17. Qd1 Qg6 18. Kh1 Bf5 19. Bc2 Rad8 20. Qe2 Rfe8 21. g4 Bxd3 22.
Bxd3 Qxd3 23. Qxd3 Rxd3 24. Kg2 Bh4 25. Rad1 Red8 26. Rxd3 Rxd3 27. Re1 Kf8 28. Re2
Bf6 29. f4 h6 30. f5 b5 31. axb5 axb5 32. Kh2 b4 33. cxb4 cxb4 34. Rc2 Be5+ 35. Kg2
Rb3  0-1

[Event "Olomouc Chess Summer 2025 - D2"]
[Site "Olomouc (CZE), Hotel Flora"]
[Date "2025.08.18"]
[Round "3"]
[Board "1"]
[White "Babula, Milan"]
[Black "Malinovsky, Petr"]
[Result "1/2-1/2"]
[WhiteElo "2086"]
[BlackElo "1977"]
[PlyCount "0"]
[EventDate "2025.08.17"]
[EventRounds "9"]
[EventCountry "CZE"]

1. e4 c5 2. Nf3 g6 3. c3 d5 4. e5 Bg7 5. d4 cxd4 6. cxd4 Bg4 7. Nbd2 Nc6 8. Qb3 Qd7
9. h3 Bf5 10. Bd3 Bxd3 11. Qxd3 f6 12. exf6 Nxf6 13. O-O O-O 14. Ne5  1/2-1/2

[Event "Olomouc Chess Summer 2025 - D2"]
[Site "Olomouc (CZE), Hotel Flora"]
[Date "2025.08.18"]
[Round "3"]
[Board "2"]
[White "Schmid, Thomas"]
[Black "Keprt, Pavel"]
[Result "1/2-1/2"]
[WhiteElo "2038"]
[BlackElo "1960"]
[PlyCount "0"]
[EventDate "2025.08.17"]
[EventRounds "9"]
[EventCountry "CZE"]

1. e4 e6 2. d4 d5 3. Nd2 dxe4 4. Nxe4 Nd7 5. Nf3 Ngf6 6. Nxf6+ Nxf6 7. Be3 Bd6 8.
c4 O-O 9. Bd3 c6 10. O-O Re8 11. Bc2 b6  1/2-1/2

[Event "Olomouc Chess Summer 2025 - D2"]
[Site "Olomouc (CZE), Hotel Flora"]
[Date "2025.08.18"]
[Round "3"]
[Board "3"]
[White "Balishansky, Alexander"]
[Black "Andersen, Per O"]
[Result "1-0"]
[WhiteElo "1918"]
[BlackElo "1999"]
[PlyCount "0"]
[EventDate "2025.08.17"]
[EventRounds "9"]
[EventCountry "CZE"]

1. Nf3 c5 2. g3 b6 3. Bg2 Bb7 4. b3 Nf6 5. Bb2 e6 6. c4 Be7 7. O-O O-O 8. Nc3 d6
9. d4 cxd4 10. Qxd4 a6 11. Rad1 Nc6 12. Qd3 Qc7 13. Qb1 Rac8 14. Rd2 Rfd8 15. Rc1
Qb8 16. Bh3 h6 17. Rcd1 Ba8 18. Bg2 b5 19. cxb5 axb5 20. e4 b4 21. Ne2 Ne5 22. Nxe5
dxe5 23. Rxd8+ Rxd8 24. Rxd8+ Bxd8 25. Qc2 Qc7 26. Qxc7 Bxc7 27. f3 Bd6 28. Bf1 Nd7
29. Nc1 Bc6 30. Nd3 Bb5 31. Kf2 Bc6 32. g4 g6 33. Ke3 f5 34. gxf5 exf5 35. Bh3 f4+
36. Kd2 Kf8 37. Bxd7 Bxd7 38. Bxe5 Be7 39. Bxf4 g5 40. Be3 Bd6 41. Bc5  1-0

[Event "Olomouc Chess Summer 2025 - D2"]
[Site "Olomouc (CZE), Hotel Flora"]
[Date "2025.08.18"]
[Round "3"]
[Board "4"]
[White "Petras, Milan"]
[Black "Med, Ladislav"]
[Result "1-0"]
[WhiteElo "1977"]
[BlackElo "1846"]
[PlyCount "0"]
[EventDate "2025.08.17"]
[EventRounds "9"]
[EventCountry "CZE"]

1. d4 g6 2. c4 Bg7 3. e4 d6 4. Nc3 Nf6 5. f3 O-O 6. Be3 e5 7. d5 Ne8 8. g4 f5 9.
gxf5 gxf5 10. exf5 Bxf5 11. Nge2 Qh4+ 12. Ng3 Bg6 13. Be2 a6 14. Qd2 Nf6 15. O-O-O
Nh5 16. Nxh5 Qxh5 17. Rdg1 Qf5 18. h4 h5 19. Rg5  1-0